LEADER 01360nam0 22003373i 450 001 RMS0021729 005 20251003044343.0 010 $a0471571474$bhbk 100 $a20121019d1994 ||||0itac50 ba 101 | $aeng 102 $aus 181 1$6z01$ai $bxxxe 182 1$6z01$an 200 1 $aAnalog-to-digital and digital-to-analog conversion techniques$fDavid F. Hoeschele 205 $a2. ed 210 $aNew York [etc.]$cJ. Wiley & sons$dc1994 215 $aXIII, 397 p.$d24 cm 225 | $aWiley interscience publication 410 0$1001BVE0002160$12001 $aWiley interscience publication 606 $aMicroelaboratori elettronici$xInterfacciamento$2FIR$3CFIC000464$9I 676 $a621.39$9INGEGNERIA DEGLI ELABORATORI$v14 676 $a621.39814$9INGEGNERIA DEGLI ELABORATORI. CONVERTITORI DA ANALOGICO A DIGITALE E DA DIGITALE AD ANALOGICO$v22 700 1$aHoeschele$b, David F.$3UBOV006120$4070$07853 801 3$aIT$bIT-000000$c20121019 850 $aIT-BN0095 901 $bNAP 01$cSALA DING $n$ 912 $aRMS0021729 950 0$aBiblioteca Centralizzata di Ateneo$c1 v.$d 01SALA DING 621.39 HOE.an$e 0102 0000022165 VMA A4 1 v.$fY $h19960215$i20121019 977 $a 01 996 $aAnalog-to-digital and digital-to-analog conversion techniques$9104217 997 $aUNISANNIO